000 00536nam a2200229 a 4500
001 nice12345678
003 IN_TiNIC
005 20260116011537.0
008 070824s0000 laha grp 000 0 urd
020 _a
_c100
082 0 0 _a297.124
_bBAK
100 _aBakr Abi, Md Bin
245 _aAzfoori
_bHadith
260 _aLahore
_bNo Publisher
_c0000
300 _a160p
500 _aincludes index and biblioraphy
650 _aIslam-Hadith
700 1 _aBakr Abi, Md Bin
902 _bSRS
942 _cBK
999 _c2478
_d2478